000 00418nam a2200181Ia 4500
001 17556
005 20260306171526.0
008 260306s9999||||xx |||||||||||||| ||und||
041 _aESP
082 _a658.04
_bG59
100 _aGoldratt, Eliyahu M.
_eAUT
245 0 _aLa meta:
_bun proceso de mejora continua
260 _c2008
300 _a
_c
650 _aGEN
654 _aCAN
942 _cLIB
_dJUS
_fJUS
_2ddc
_n
999 _c17556
_d17556